Business advantage : Intermediate - Personal study book /

Shranjeno v:
Bibliografske podrobnosti
Glavni avtor: Rosenberg, Marjorie.
Format: Sách giấy
Jezik:English
Izdano: Cambridge: Cambridge University Press, 2012.
Teme:
Oznake: Označite
Brez oznak, prvi označite!
Thư viện lưu trữ: Thư viện Trường Đại học Đà Lạt
LEADER 00765nam a2200301 4500
001 DLU170180992
005 ##20170918
020 # # |a 9781107692640 
040 # # |a DLU  |b vie 
041 # # |a eng 
044 # # |a uk 
082 # # |a 428  |b RO-M 
100 # # |a Rosenberg, Marjorie. 
245 # # |a Business advantage :  |b Intermediate - Personal study book /  |c Marjorie Rosenberg. 
260 # # |a Cambridge:  |b Cambridge University Press,  |c 2012. 
300 # # |a 96 p. ;  |c 28 cm. +  |e 1 CD-ROM. 
650 # # |a English language  |x Business English. 
923 # # |a 05/2016 
991 # # |a SH 
992 # # |a 519000 
994 # # |a DLU 
900 # # |a True 
911 # # |a Nguyễn Thanh Hương 
925 # # |a G 
926 # # |a A 
927 # # |a SH 
980 # # |a Thư viện Trường Đại học Đà Lạt